Trouvez les paroles #4 - Statistiques

Statistiques générales
  • Ce quiz a été pris 626 fois
  • Le résultat moyen est 263 sur 408
Statistiques - réponses
Paroles % Correct
Il
94%
De
93%
Le
93%
Tu
93%
Que
92%
A
90%
À
90%
Et
87%
Faut
87%
Je
87%
La
86%
Te
85%
Pas
84%
Ça
83%
C'est
83%
"C'est
83%
Respires
83%
Respires.
83%
Dire
82%
Rien
80%
Les
79%
Ma
79%
Au
77%
Des
75%
Pour
75%
Se
75%
Moi
72%
Vas
72%
Mourir
71%
Un
71%
Rire
70%
En
69%
Dans
67%
Vais
66%
Bien
65%
On
64%
Du
63%
L'histoire
63%
Raconter
63%
Gamin
62%
Humain
62%
Ils
62%
Petit
62%
Ses
62%
L'être
61%
Avec
60%
Comme
60%
Début
60%
Pu
60%
Faire
59%
C'était
58%
Mais
57%
Y'avait
57%
Aux
56%
56%
Toi
56%
Faute
55%
Tes
55%
T'es
55%
Tout
55%
Plus
53%
Con
52%
Puis
52%
As
51%
L'Homme
50%
50%
Écoute-moi
49%
Nature
49%
Souliers
49%
Deux
48%
Gros
48%
Pied
48%
Sont
48%
Anciens"
47%
Débarqué
47%
Pourquoi
47%
Demain
46%
Tous
46%
Chemin
45%
Coups
45%
Demanderont
45%
Oeil
45%
Respecter
45%
Avançait
44%
Comment
44%
Front
44%
Une
44%
Gueule
43%
Mains
43%
Milieu
43%
Passeras
42%
Plein
42%
Qu'on
42%
Est
41%
T'as
41%
T'en
41%
Laisser
40%
Leur
40%
Mis
40%
Qu'un
40%
Commencé
39%
Laver
39%
Même
39%
Personne
38%
S'est
38%
Beau
37%
Désert
37%
Routes
37%
Trois
37%
Veille
37%
Marche
36%
Fin
35%
Forêt
35%
Oiseaux
35%
Part
35%
Quelque
35%
Sens
35%
Tracer
35%
Fera
34%
Polluer
34%
Unique
34%
Y'aura
34%
Arrière
33%
Aura
33%
Empire
33%
Mouvements
33%
N'auront
33%
Petits-enfants
33%
Temps
33%
Animaux
32%
Était
32%
Joli
32%
Multipliées
32%
Prés
32%
Années
31%
Bas
31%
Printemps
31%
Revenaient
31%
T'auras
31%
Diront
30%
Plaine
30%
Approche-toi
29%
Pliée
29%
Connais
28%
Feuille
28%
Quelques
28%
Vus
28%
Éléments
27%
Partout
27%
Raconteras
27%
Bouffé
26%
Expliquer
26%
Pouvais
26%
Défendre
25%
Flèches
25%
Jours
25%
L'époque
25%
Maîtrisés
25%
Trou
25%
Chou
23%
Pire
23%
Sans
23%
Allongé
22%
Alors
22%
Fosse
22%
L'herbe
22%
Plutôt
22%
Purin
22%
Cette
21%
Manger
21%
Fruits
20%
Histoire
19%
Incapables
18%
Remplit
18%
Voilà
18%
Esclaves
17%
Ici
17%
Regarder
17%
Arbres
16%
Cent
16%
Sentir
15%
Coupables
14%
Misérables
14%
Assassins
11%
Moitié
11%
Défroqué
10%
Aucun quiz correspondant
Distribution des résultats
% des personnes avec chaque résultat
Percentile par nombre de réponses
Votre historique - résultats
Vous n’avez pas pris ce quiz